[Event "Hasselbacken Open 2019"]
[Site "Stockholm"]
[Date "2019.11.01"]
[Round "4.10"]
[White "Ornstein, Axel"]
[Black "Vainerchuk, Barys"]
[Result "0-1"]
[WhiteElo "2297"]
[BlackElo "2136"]
[Annotator "TA"]
[PlyCount "100"]
[EventDate "2019.11.01"]
[EventCountry "SWE"]
[SourceTitle "playchess.com"]
[Source "ChessBase"]
[SourceQuality "1"]

{[%evp 9,158,73,74,79,79,78,82,70,102,15,10,11,12,13,13,24,18,0,7,-4,0,0,23,0,31,0,0,0,0,0,0,0,0,-1,0,-17,-22,-20,-7,-26,-19,-23,-22,-24,-15,-20,-12,-14,-11,-24,-4,-12,-5,-9,0,-8,-8,-12,-8,-8,-8,-12,-8,-13,-8,-33,0,0,0,0,0,0,0,-59,-40,-92,-85,-92,-92,-123,0,-40,-40,-40,-40,-40,0,-220,-40,-40,0,-40,0,-40,-40,-40,-40,-40,-40,-661,0,-12835,-12834,-12834,-12833,-12833,-12834,-12833,-2558,-12843,-12843,-12844,-12841,-12842,-12840,-12842,-12842,-12843,-12843,-12851,-27999,-12851,-27999,-12851,-12851,-12851,-12851,-12851,-12851,-12851,-27999,-12851,-27999,-27999,-27994,-27995,-27995,-27996,-27996,-27997,-27997,-27998,-27998,-27999,-27999,-27997,-27997,-27998,-27998,-27999,-27999]} 1. Nf3 Nf6 2. c4 e6 3. Nc3 b6 4. e4 d6 5. d4 Bb7 6. Bd3 {A50: Queen's Fianchetto Defence (1 d4 Nf6 2 c4 b6)} Be7 (6... Nbd7 7. O-O e5 8. d5 g6 9. Rb1 Bg7 10. b4 O-O 11. Nd2 a5 12. a3 axb4 13. axb4 Bh6 14. Qc2 Nh5 15. g3 {1-0 (62) Margvelashvili,G (2530)-Sachdev,T (2402) chess.com INT 2018}) 7. O-O O-O 8. Re1 {White is better.} c5 9. dxc5 $146 ({White should try} 9. e5 $16 dxe5 10. dxe5) ({Predecessor:} 9. a3 cxd4 10. Nxd4 Nc6 11. Nxc6 Bxc6 12. b3 Rc8 13. Bb2 {1-0 (28) Doerfler,G (2015)-Koenigl,A (1789) Germany 2003}) 9... bxc5 $11 10. e5 dxe5 11. Nxe5 Nc6 12. Nxc6 Bxc6 13. b3 Qc7 14. Qe2 Qb7 15. f3 Nd7 16. Ne4 Nf6 17. Bg5 Nxe4 18. Bxe7 Qxe7 19. Bxe4 Bxe4 20. Qxe4 a5 21. Rad1 a4 22. Qc6 axb3 23. axb3 Rfc8 24. Qd7 Qg5 (24... Qf6 {keeps more tension.} 25. Qd6 Ra2 26. Rd2 Ra3 27. Rd3 h5) 25. Qd2 Qf6 26. Qf2 Rab8 27. Rd3 h6 28. Red1 Rb7 29. h3 Qg5 30. f4 Qf5 31. Qe3 Ra7 32. Rd8+ Rxd8 33. Rxd8+ {[%mdl 4096] Endgame KQR-KQR} Kh7 34. Qd3 Qxd3 35. Rxd3 {KR-KR} Kg6 36. Kf2 Kf6 37. Ke3 h5 38. g4 h4 39. Kf3 Ra2 40. Re3 Kg6 41. Re5 (41. Re2 $11 Rxe2 42. Kxe2) 41... Rb2 42. Rxc5 ({White should play} 42. f5+ $15 exf5 43. Rxc5) 42... Rxb3+ $17 43. Kg2 Rg3+ 44. Kh2 Rc3 (44... Rf3 $1 $17 45. Rh5 Rxf4 46. Rxh4 Rxc4) 45. Rc6 Rc2+ 46. Kg1 Rc1+ 47. Kf2 Rc2+ 48. Kf3 $2 {[#]} (48. Kg1 $1 $11 {and White stays safe.}) 48... Rc3+ $2 (48... Rh2 $1 $19 49. f5+ Kf6) 49. Kg2 $15 Rc2+ 50. Kg1 Kf6 {Played: Rc2-c3} 0-1

[Event "Hasselbacken Open 2019"]
[Site "Stockholm"]
[Date "2019.11.02"]
[Round "5.1"]
[White "Mirzoev, Emil"]
[Black "Peng, Li Min"]
[Result "0-1"]
[WhiteElo "2455"]
[BlackElo "2454"]
[Annotator "TA"]
[PlyCount "72"]
[EventDate "2019.11.01"]
[EventCountry "SWE"]
[SourceTitle "playchess.com"]
[Source "ChessBase"]
[SourceQuality "1"]

{[%evp 9,92,0,20,0,0,0,0,0,0,8,5,-24,-17,-23,-19,-37,-25,-41,-14,-27,-38,-71,-70,-72,0,-42,0,-78,-72,-79,-59,-109,-85,-158,-152,-162,-160,-158,-146,-153,-160,-159,-159,-159,-159,-161,-166,-168,-158,-164,-162,-170,-170,-162,-169,-189,-170,-170,-170,-185,-181,-185,-164,-397,-356,-475,-471,-459,-431,-394,-359,-593,-518,-1327,-1026,-1048,-1216,-976,-873,-1715,-1486,-12837,-12838,-12840,12845]} 1. e4 c5 2. Nf3 e6 3. b3 b6 4. Bb2 Bb7 5. Nc3 a6 6. d4 {B40: Sicilian: 2...e6, Unusual lines} cxd4 $1 7. Qxd4 (7. Nxd4 Qc7 8. Qd2 Nf6 9. f3 Nc6 10. Nxc6 dxc6 11. O-O-O Be7 12. Bd3 b5 13. e5 Nd7 14. Ne4 Nxe5 15. Qc3 {1-0 (35) So,W (2780)-Vallejo Pons,F (2707) Leon 2018}) 7... Nc6 8. Qd2 {The position is equal.} d6 9. g4 $146 ({Predecessor:} 9. Be2 Nf6 10. O-O Be7 11. Rfd1 b5 12. Qf4 Qb6 13. a4 b4 {½-½ (27) Mazi,L (2393)-Bosiocic,M (2552) St Veit 2015}) 9... Ne5 10. Qe2 Nxf3+ 11. Qxf3 h5 12. gxh5 Qg5 13. Qg3 Qxh5 14. Be2 Qh6 15. Bc1 Qh3 16. Bb2 Qh6 17. Bc1 Qh3 18. Bb2 $1 Nf6 19. Bf3 Qh6 20. h4 Rc8 21. Qg5 {[#]} (21. Rh3 $142) 21... d5 $1 $17 {[%mdl 512]} 22. exd5 Bb4 $1 $36 {[%csl LRc3,LRd5][%mdl 2048] Black has strong initiative.} 23. Qe5 O-O {Hoping for ...Nxd5.} 24. Kf1 Rfe8 {White must now prevent ...exd5.} 25. Ne4 Nxe4 ({And not} 25... Rxc2 26. Rg1 $11) ({Worse is} 25... Bxd5 26. Nxf6+ gxf6 27. Qg3+ Kf8 28. c4 $11) 26. Qxe4 Bxd5 27. Qxb4 {Bxd5 is the strong threat.} Bxf3 28. Rh3 Rxc2 29. Rxf3 {And now Bc3 would win.} Rxb2 30. Qf4 Qxf4 31. Rxf4 $19 {[%mdl 4096] Endgame KRR-KRR} Rc8 32. Rd1 Rxa2 33. Rd7 Rf8 34. Rb4 b5 35. Ra7 g6 36. Rxb5 $2 {[#]} (36. Kg2) 36... Ra1+ {Played: Ra2xf2} 0-1

[Event "Hasselbacken Open 2019"]
[Site "Stockholm"]
[Date "2019.11.02"]
[Round "5.2"]
[White "Seo, Jung Min"]
[Black "Sorensen, Hampus"]
[Result "1-0"]
[WhiteElo "2433"]
[BlackElo "2330"]
[Annotator "TA"]
[PlyCount "107"]
[EventDate "2019.11.01"]
[EventCountry "SWE"]
[SourceTitle "playchess.com"]
[Source "ChessBase"]
[SourceQuality "1"]

{[%evp 14,107,-16,-5,-11,-12,18,0,43,35,70,65,119,31,86,56,61,19,35,29,45,41,64,69,112,76,79,62,59,67,58,0,0,20,20,20,34,-18,0,0,76,82,47,75,58,-58,-31,-22,-19,-68,0,0,0,0,315,315,315,315,279,278,277,258,1722,1732,1276,1348,1388,880,1259,1252,1194,1163,1822,1832,2054,1958,1872,1500,2455,2231,1750,1816,29964,29963,4681,4038,29983,29981,29982,29983,29984,29977,29974,29971,12300,6003]} 1. c4 e5 2. Nc3 Nf6 3. Nf3 Nc6 4. a3 g6 5. d4 exd4 6. Nxd4 Bg7 7. Nxc6 bxc6 8. g3 O-O {A28: English Opening: Four Knights Variation} 9. Bg2 Qe7 $146 ({Predecessor:} 9... Rb8 10. Qa4 a6 11. O-O Qe7 12. Rd1 Ng4 13. h3 Ne5 14. Rb1 d6 15. b3 Nd7 16. Qa5 Nc5 17. Na2 Qxe2 18. Bd2 Nxb3 19. Bf1 Qxd1 20. Rxd1 Nxa5 21. Bxa5 Rb3 22. Bxc7 c5 {0-1 (22) Monroy,C (2436)-Martin,J (2261) Vienna 2015}) 10. O-O Qc5 {The position is equal.} 11. Bf4 $1 Ne8 12. Qd3 Rb8 ({Black should try} 12... Nd6 $14) 13. Na4 (13. b4 $16 Qe7 14. Rfc1) 13... Qe7 (13... Qa5 $14 14. Qd1 d6) 14. Rad1 c5 15. Bd2 d6 16. b4 Bf5 17. e4 Bd7 18. Nc3 Bc6 19. bxc5 dxc5 20. Nd5 Bxd5 $1 21. cxd5 Nd6 22. Be3 c4 23. Qc2 Rb2 24. Qa4 c3 25. Bc5 (25. Bc1 $14) 25... Rfb8 26. f4 Rxg2+ (26... R8b5 $11 {remains equal.} 27. Bxa7 R5b3) 27. Kxg2 $16 {aiming for e5.} Qxe4+ 28. Qxe4 Nxe4 29. Be3 (29. Bxa7 $14 Rb2+ 30. Kh3) 29... Rb2+ 30. Kf3 f5 31. Rb1 Rxh2 (31... Kf7 $15) 32. Rb8+ $11 Kf7 {...Bd4! is the strong threat.} 33. Rb7 {[#] Strongly threatening d6.} Nd2+ $2 {[%mdl 8192]} (33... Bd4 $1 $11 {[%mdl 512]} 34. Rxc7+ (34. Bxd4 Nd2+) 34... Ke8 35. Bxd4 Nd2+ {[%mdl 64] Double Attack} 36. Ke3 Nxf1+ 37. Kd3 c2 38. Rxc2 Rxc2 39. Kxc2 a6) 34. Bxd2 $18 Rxd2 35. Rxc7+ {[%mdl 4096] Endgame KRR-KRB} Kg8 36. Rc8+ Kf7 {[#]} 37. Rb1 $1 {[%cal Rb1b7] Rb7+ would kill now.} g5 $2 (37... Rd3+ 38. Kg2 Rd2+ 39. Kh3 Rb2 40. Rc7+ Kf8) 38. Rb7+ Kg6 39. fxg5 Rd3+ 40. Kg2 f4 41. Rc6+ Kf5 42. Rxg7 Kg4 43. gxf4 Rd2+ 44. Kf1 c2 45. Rgc7 Kf3 46. Rc3+ Kxf4 47. Rxc2 Rxd5 48. Rxa7 Kxg5 49. Rxh7 Rd3 50. Ra2 Kg6 51. Rhh2 Kf5 52. Rhd2 Rh3 53. Ke2 Ke4 54. Kd1 {Accuracy: White = 46%, Black = 27%.} 1-0

[Event "Hasselbacken Open 2019"]
[Site "Stockholm"]
[Date "2019.11.02"]
[Round "5.3"]
[White "Roshka, Yevgeniy"]
[Black "Sjodahl, Pontus"]
[Result "1-0"]
[WhiteElo "2369"]
[BlackElo "2441"]
[Annotator "TA"]
[PlyCount "95"]
[EventDate "2019.11.01"]
[EventCountry "SWE"]
[SourceTitle "playchess.com"]
[Source "ChessBase"]
[SourceQuality "1"]

{[%evp 16,95,-33,-52,24,21,53,34,57,28,69,41,81,0,83,0,50,-13,-18,-23,-27,-25,-29,-35,0,0,0,-35,-35,-84,-35,-41,-41,-130,-81,-89,-66,-62,30,-85,-85,-83,-59,-71,-27,-53,30,0,0,0,0,0,0,-233,-126,-123,-122,-119,-127,-112,-122,-112,-104,-187,-180,-347,-348,-355,-228,-214,-156,-128,-154,-184,-128,-458,-452,-416,-401,-742,29988,29989]} 1. d4 Nf6 2. c4 e6 3. Nc3 Bb4 4. a3 Bxc3+ 5. bxc3 c5 6. f3 Nc6 7. e4 d6 8. Be3 b6 9. Bd3 e5 {E24: Nimzo-Indian: Sämisch: Unusual Black 5th moves and 5...c5 sidelines} (9... O-O $15) (9... Qc7 10. f4 e5 11. Nf3 Ng4 12. Bg1 exf4 13. h3 Ne3 14. Bxe3 fxe3 15. O-O f6 16. Re1 Bd7 17. Rxe3 {0-1 (63) Volkov,S (2572)-Stupak,K (2551) Sochi 2019}) 10. Ne2 Qc7 11. O-O h6 {White is slightly better.} 12. Kh1 g5 13. Ng3 $146 ({Predecessor:} 13. d5 Na5 {½-½ (36) Jakobsen,O (2410)-Fries Nielsen,N (2330) Vejle 1982}) 13... Bd7 {[%cal Rc5d4]} 14. Nf5 ({White should try} 14. d5 $16 Ne7 15. Bc2) 14... Ne7 (14... Bxf5 $11 {remains equal.} 15. exf5 exd4 16. cxd4 cxd4) 15. Qe1 (15. Nxe7 $16 Kxe7 16. Qd2) 15... Ba4 16. Qg3 ({White should play} 16. Ng3 $14) 16... Nxf5 $11 17. exf5 O-O-O 18. Rfe1 Rde8 19. Ra2 Nh5 20. Qf2 Re7 21. d5 Nf6 22. Rb2 Qd7 23. Be4 Ree8 24. g4 ({Better is} 24. Kg1 $15) 24... Reg8 25. h4 Qe7 26. h5 Kc7 (26... Nxe4 $15 27. fxe4 Rf8) 27. Reb1 (27. Bd3 $11) 27... Rb8 28. Qd2 Rb7 29. Kg2 Rhb8 30. Kh3 Nd7 (30... b5 $15) 31. Bc2 Bxc2 32. Qxc2 Nf6 33. Qa4 Qd7 34. Rb5 $2 (34. Qxd7+ $11 {and White stays safe.} Nxd7 35. a4) 34... Kd8 (34... e4 $1 $19 35. Re1 Re8) 35. Qc2 a6 $1 $36 {[%cal Ra6b5][%mdl 2048] White is under strong pressure.} 36. R5b2 b5 $1 37. cxb5 axb5 ({And not} 37... Nxd5 38. bxa6 Rxb2 39. Rxb2 $11) 38. Qd2 Ke7 39. Re1 (39. Kh2 $17) 39... Ra8 $19 40. f4 $2 (40. Rb3) 40... gxf4 41. Bxf4 Ra4 {White must now prevent ...Nxg4!} ({Worse is} 41... Rxa3 42. Bxh6 Ke8 43. Bg7 $11) 42. Bxe5 dxe5 43. Rxe5+ Kd8 (43... Kd6 $2 44. Re6+ $1 {[%mdl 512]} Kc7 45. Rxf6 $18) 44. Qxh6 Qd6 ({Don't blunder} 44... Nxg4 $2 45. Qf8+ Kc7 46. Re7 $18) 45. Rbe2 $2 {[%mdl 8192]} (45. Re6 $17 {is a better chance.} fxe6 46. Qxf6+ {[%mdl 64] Double Attack} Qe7 47. Qxe6) 45... Rxg4 46. Re8+ Kc7 {[%csl Gg4][%cal Rd6g3]} 47. R8e7+ {[#]} (47. Qe3 $142 Nxe8 48. Kxg4 Nf6+ {[%mdl 64] Double Attack} 49. Kh4) 47... Kb8 $4 {[%mdl 8192]} (47... Kb6 $1 $19 48. Rxb7+ Kxb7) 48. Qf8+ {[%mdl 64] Double Attack. Accuracy: White = 26%, Black = 36%.} 1-0

[Event "Hasselbacken Open 2019"]
[Site "Stockholm"]
[Date "2019.11.02"]
[Round "5.4"]
[White "Bogdanov, Egor"]
[Black "Crevatin, Leo"]
[Result "1-0"]
[WhiteElo "2409"]
[BlackElo "2221"]
[Annotator "TA"]
[PlyCount "101"]
[EventDate "2019.11.01"]
[EventCountry "SWE"]
[SourceTitle "playchess.com"]
[Source "ChessBase"]
[SourceQuality "1"]

{[%evp 13,101,16,22,26,18,20,20,18,27,20,37,30,18,17,25,23,52,56,47,39,47,49,54,64,54,59,75,72,111,110,102,101,154,155,156,140,145,141,144,150,207,198,331,327,296,170,188,158,183,171,226,219,207,225,201,165,269,236,241,240,300,300,747,696,754,601,863,755,747,646,2202,653,1356,612,662,496,6561,4839,12798,6885,5250,4367,29974,29967,29968,29968,29968,29969,29971,4631]} 1. e4 c6 2. d4 d5 3. exd5 cxd5 4. c4 Nf6 5. Nc3 Nc6 6. Nf3 Be6 7. c5 g6 8. Bb5 {B13: Caro-Kann: Exchange Variation and Panov-Botvinnik Attack} Bg7 9. O-O O-O 10. h3 {The position is equal.} Ne4 11. Bf4 (11. Re1 Nxc3 12. bxc3 Bd7 13. Bf4 Na5 14. a4 b6 15. Ne5 Be8 16. c6 Bxe5 17. dxe5 Bxc6 18. Bh6 Bxb5 19. Bxf8 Qxf8 20. axb5 e6 21. Ra4 {½-½ (21) Kislinsky,A (2513)-Turov,M (2618) Groningen 2017}) 11... Rc8 12. Qa4 $146 ({Predecessor:} 12. Re1 Nxc3 13. bxc3 Qa5 14. Qa4 Qxa4 15. Bxa4 {½-½ (34) Sabri,M (2071)-Shyam Sundar,T (1762) Bandar Seri Begawan 2015}) 12... Nxc3 13. bxc3 Bd7 14. Rfe1 b6 15. Qa3 e5 16. dxe5 Nxe5 17. Bxe5 Bxb5 18. Bxg7 Kxg7 19. Qxa7 bxc5 20. Re7 {[#] Ng5 is the strong threat.} Kg8 21. Ne5 {[%cal Re5f7]} Be8 22. Rd1 $40 {[%mdl 128] White has strong attack.} Ra8 ({Black should try} 22... Qd6) 23. Qxc5 $16 Ra5 24. Qc7 Qxc7 25. Rxc7 Rxa2 26. Rxd5 Ba4 (26... h5 $16 27. c4 Ba4) 27. c4 $18 f6 (27... Ra1+ $142 28. Kh2 Ra2) 28. Ng4 h5 29. Ne3 (29. Nh6+ $142 Kh8 30. Rd6) 29... Rf7 30. Rd8+ Kg7 31. Rcc8 Rb7 (31... Bd7 $142) 32. Rg8+ Kf7 33. Rcf8+ Ke6 34. Ra8 {[#] Black must now prevent Ra6+.} Bb3 (34... Kf7 {was worth a try.} 35. Raf8+ Ke6) 35. Rxa2 Bxa2 36. Rxg6 {[%mdl 4096] Endgame KRB-KRN} Rc7 37. Rh6 Bxc4 $2 (37... Rc5 38. Nd5 Kf7 39. Rxf6+ (39. Nxf6 Rc6 $18) 39... Kg7) 38. Nxc4 Rxc4 39. Rxh5 {KR-KR} Kf7 40. g3 Kg6 41. Ra5 Rb4 42. Kg2 (42. g4 $142 Rf4 43. Kg2) 42... Rc4 43. h4 (43. g4 $142 Rb4 44. Kg3) 43... Rb4 44. f3 Rb3 (44... f5 $142 45. h5+ Kf6 46. Ra6+ Kf7 47. Ra7+ Kf6 48. Ra6+ Kf7) 45. g4 Rb4 46. Ra6 Kg7 47. Kg3 Rc4 48. g5 {White mates.} fxg5 49. hxg5 Rb4 50. f4 Rc4 51. Kg4 {Accuracy: White = 85%, Black = 35%.} (51. f5 $142 Rc7 52. Kg4 Kf8 53. f6 Kf7 54. Kh5 Rc8 55. g6+ Ke8 56. Ra7) 1-0

[Event "Hasselbacken Open 2019"]
[Site "Stockholm"]
[Date "2019.11.02"]
[Round "5.5"]
[White "Akesson, Ralf"]
[Black "Vainerchuk, Barys"]
[Result "1-0"]
[WhiteElo "2370"]
[BlackElo "2136"]
[Annotator "TA"]
[PlyCount "77"]
[EventDate "2019.11.01"]
[EventCountry "SWE"]
[SourceTitle "playchess.com"]
[Source "ChessBase"]
[SourceQuality "1"]

{[%evp 9,77,76,75,68,73,75,74,78,94,93,82,88,156,85,95,109,109,109,136,127,138,133,128,124,150,124,219,208,208,223,256,256,263,270,347,351,420,407,435,425,615,433,438,431,430,423,450,229,352,222,379,413,393,388,432,427,460,442,429,434,516,519,561,550,758,743,780,785,768,766]} 1. Nf3 Nf6 2. c4 e6 3. Nc3 b6 4. e4 d6 5. d4 Bb7 6. Bd3 {A50: Queen's Fianchetto Defence (1 d4 Nf6 2 c4 b6)} Be7 (6... Nbd7 7. O-O e5 8. d5 g6 9. Rb1 Bg7 10. b4 O-O 11. Nd2 a5 12. a3 axb4 13. axb4 Bh6 14. Qc2 Nh5 15. g3 {1-0 (62) Margvelashvili,G (2530)-Sachdev,T (2402) chess.com INT 2018}) 7. O-O O-O 8. Re1 {White is better.} c5 9. e5 $146 ({Predecessor:} 9. a3 cxd4 10. Nxd4 Nc6 11. Nxc6 Bxc6 12. b3 Rc8 13. Bb2 {1-0 (28) Doerfler,G (2015)-Koenigl,A (1789) Germany 2003}) 9... Ne8 10. d5 dxe5 ({Black should play} 10... Na6) 11. dxe6 ({But not} 11. Rxe5 $6 exd5 12. cxd5 (12. Nxd5 Bxd5 13. cxd5 Nd7 $16) 12... Bf6 $14) ({White should try} 11. Nxe5 {And now dxe6 would win.} Nf6 12. Bf4) 11... Nc6 $16 12. exf7+ Rxf7 {[#]} 13. Be4 $1 {[%cal Re4c6] Threatens to win with Bxc6.} Qxd1 14. Rxd1 {Hoping for Rd7.} ({Resist} 14. Nxd1 $6 Bf6 $14) 14... Na5 15. Bxb7 Nxb7 16. Nxe5 Rf5 17. f4 {[#] aiming for Rd7.} Ned6 (17... Bd6 $16 {is a better defense.}) 18. Nd5 $18 Bd8 19. b3 Ne4 20. Bb2 Nbd6 21. Rd3 h5 22. Nc6 Kh7 23. Re1 Rf7 24. Rh3 Kh6 (24... Kg8 $142 25. Rxh5 Rb7) 25. Rhe3 Nf6 26. Re6 Nf5 27. g3 Kh7 28. R1e5 (28. Nxd8 $142 Rxd8 29. Bxf6 gxf6 30. Nxf6+ {[%mdl 64] Double Attack} Kg6 31. Ne8+ Kh7 32. Nf6+ Kg6 33. Nd5+ Kg7 34. R1e5) 28... Ng4 (28... Nd7 $142 29. Re2 Bf6) 29. Re2 {Re8 is the strong threat.} Nf6 $2 (29... Bf6 30. Kg2 Bxb2) 30. Nxd8 Rxd8 31. Bxf6 gxf6 32. Nxf6+ {White is clearly winning.} Kg6 33. Nd5+ Kg7 {and the idea ...Nd4 leaves Black hopeful.} 34. R2e5 Rdd7 35. Kg2 Rd8 36. h3 h4 37. g4 Nd4 38. Rg5+ Kf8 39. Rh6 {Accuracy: White = 81%, Black = 35%.} 1-0

[Event "Hasselbacken Open 2019"]
[Site "Stockholm"]
[Date "2019.11.02"]
[Round "5.6"]
[White "Namini, Armin"]
[Black "Papunidi, Matvey"]
[Result "1-0"]
[WhiteElo "2249"]
[BlackElo "2083"]
[Annotator "RC"]
[PlyCount "97"]
[EventDate "2019.11.01"]
[EventCountry "SWE"]
[SourceTitle "playchess.com"]
[Source "ChessBase"]
[SourceQuality "1"]
[TimeControl "5400+30"]

1. c4 {[%emt 0:00:00]} c6 {[%emt 0:00:00]} 2. g3 {[%emt 0:00:08]} d5 {[%emt 0:00:00]} 3. Bg2 {[%emt 0:00:04]} dxc4 {[%emt 0:00:00]} 4. Nf3 {[%emt 0:00:06]} Nf6 {[%emt 0:01:55]} 5. O-O {[%emt 0:00:12]} Nbd7 {[%emt 0:04:56]} 6. Qc2 {[%emt 0:00:36]} b5 {[%emt 0:01:30]} 7. Nd4 {[%emt 0:02:47]} Qb6 {[%emt 0:03:58]} 8. Nf3 {[%emt 0:20:05]} e5 {[%emt 0:06:06]} 9. b3 {[%emt 0:00:28]} cxb3 {[%emt 0:01:23]} 10. Qxb3 {[%emt 0:02:46]} Bd6 {[%emt 0:03:07]} 11. Bb2 {[%emt 0:09:01]} O-O {[%emt 0:01:23]} 12. d4 {[%emt 0:01:07]} exd4 {[%emt 0:02:11]} 13. Nxd4 {[%emt 0:00:31]} Bb7 {[%emt 0:05:13]} 14. Nf5 {[%emt 0:01:05]} Be5 {[%emt 0:04:58]} 15. Bxe5 {[%emt 0:04:56]} Nxe5 {[%emt 0:00:04]} 16. Qc3 {[%emt 0:00:08]} Nc4 {[%emt 0:02:44]} 17. Nd2 {[%emt 0:02:16]} Nxd2 {[%emt 0:28:00]} 18. Qxd2 {[%emt 0:00:06]} Rfd8 {[%emt 0:04:07]} 19. Qg5 {[%emt 0:19:43]} Ne8 {[%emt 0:00:11]} 20. Rac1 {[%emt 0:00:25]} f6 {[%emt 0:07:40]} 21. Qg4 {[%emt 0:02:16]} Kh8 {[%emt 0:00:43]} 22. Rc3 {[%emt 0:04:32]} Rac8 {[%emt 0:01:07]} 23. Ne7 {[%emt 0:04:35]} Rc7 {[%emt 0:00:19]} 24. Qe6 {[%emt 0:00:47]} Nd6 {[%emt 0:00:47]} 25. g4 {[%emt 0:00:01]} h6 {[%emt 0:03:27]} 26. Rh3 {[%emt 0:09:56]} Qd4 {[%emt 0:04:12]} 27. Rd3 {[%emt 0:02:24]} Qc5 {[%emt 0:00:08]} 28. Rfd1 {[%emt 0:01:30]} Re8 {[%emt 0:01:09]} 29. Ng6+ {[%emt 0:01:39]} Kh7 {[%emt 0:00:03]} 30. Nf8+ {[%emt 0:00:37]} Rxf8 {[%emt 0:00:40]} 31. Rxd6 {[%emt 0:00:04]} a5 {[%emt 0:06:58]} 32. Qe4+ {[%emt 0:03:37]} Kh8 {[%emt 0:00:28]} 33. Qf4 {[%emt 0:00:58]} Qg5 {[%emt 0:01:15]} 34. Qg3 {[%emt 0:00:36]} Re7 {[%emt 0:01:09]} 35. Bf3 {[%emt 0:02:03]} b4 {[%emt 0:01:12]} 36. Rd7 {[%emt 0:00:20]} Rxd7 {[%emt 0:01:23]} 37. Rxd7 {[%emt 0:00:02]} Bc8 {[%emt 0:01:32]} 38. Rc7 {[%emt 0:00:03]} Rd8 {[%emt 0:01:54]} 39. e3 {[%emt 0:04:23]} c5 {[%emt 0:00:16]} 40. h4 {[%emt 0:00:45]} Qg6 {[%emt 0:00:27]} 41. Rxc5 {[%emt 0:00:51]} Qb1+ {[%emt 0:00:06]} 42. Kg2 {[%emt 0:00:04]} a4 {[%emt 0:00:51]} 43. Qc7 {[%emt 0:00:28]} Qd3 {[%emt 0:00:36]} 44. Qa5 {[%emt 0:01:41]} b3 {[%emt 0:00:21]} 45. axb3 {[%emt 0:00:45]} axb3 {[%emt 0:00:09]} 46. Rd5 {[%emt 0:00:33]} Rxd5 {[%emt 0:00:46]} 47. Bxd5 {[%emt 0:00:01]} Be6 {[%emt 0:01:22]} 48. Qa8+ {[%emt 0:00:08]} Kh7 {[%emt 0:00:03]} 49. Be4+ {[%emt 0:00:06]} 1-0

[Event "Hasselbacken Open 2019"]
[Site "Stockholm"]
[Date "2019.11.02"]
[Round "5.7"]
[White "Mattsson, Michael"]
[Black "Pantzar, Milton"]
[Result "0-1"]
[WhiteElo "2035"]
[BlackElo "2376"]
[Annotator "TA"]
[PlyCount "80"]
[EventDate "2019.11.01"]
[EventCountry "SWE"]
[SourceTitle "playchess.com"]
[Source "ChessBase"]
[SourceQuality "1"]

{[%evp 13,108,26,15,-16,-10,-5,-15,-12,-6,-32,-23,-107,-79,-160,-154,-218,-183,-506,-376,-984,-515,-494,-195,-187,-136,-245,-70,-56,-70,-62,-70,-62,-67,-90,-64,-73,-95,-100,-73,-97,-75,-123,0,-77,-78,-92,-96,-96,-100,-112,-105,-112,-112,-115,-92,-96,-93,-97,-67,-141,-99,-203,-111,-108,-86,-202,-140,-332,-231,-203,-206,-312,-326,-313,-301,-344,-337,-425,-418,-427,-438,-439,-439,-426,-402,-797,-784,-781,-767,-864,-856,-846,-827,-741,-621,-816,-809]} 1. e4 e5 2. Nf3 Nc6 3. Bb5 a6 4. Bxc6 dxc6 5. O-O Bd6 6. d4 exd4 7. Qxd4 f6 $1 8. h3 {C68: Ruy Lopez: Exchange Variation, sidelines} (8. Nbd2 Be6 9. Qc3 Ne7 10. Nc4 Bxc4 11. Qxc4 Qd7 12. Be3 Ng6 13. Nd4 Ne5 14. Qe2 O-O-O 15. Nf5 Rhe8 16. Rad1 Qf7 {0-1 (37) Ivanchuk,V (2726)-Vidit,S (2715) Riadh 2017}) 8... Be6 9. Re1 Ne7 10. b3 $146 {The position is equal.} ({Predecessor:} 10. Nbd2 O-O 11. Nc4 Ng6 12. Be3 Qe7 13. Nxd6 Qxd6 14. Qc3 Rfd8 15. Nd4 Bf7 {1-0 (54) Grassi,E (2063)-Ho,M (1550) Dresden 2008}) 10... Ng6 11. Bb2 Qe7 12. c4 (12. Nc3 $11) 12... Bc5 $17 13. Qd2 (13. Qd3 $142) 13... Rd8 $36 {[%mdl 2048] Keeping White busy.} 14. Qc1 (14. Bd4 $17) 14... Rd3 {...Bxh3! is the strong threat.} 15. e5 $2 (15. Ba3 {is tougher.}) 15... fxe5 {White must now prevent ...Rxf3!} 16. Bxe5 $2 (16. Ba3 Bxa3 17. Qxa3) 16... O-O 17. Nbd2 {[%cal Bb1d2,Bd2e4,Be4c5][%mdl 32] [#]} Qd7 $2 (17... Bxf2+ $2 18. Kxf2 Qc5+ 19. Ke2 $19) (17... Bxh3 $1 {[%mdl 512]} 18. Bg3 (18. gxh3 Qd7) 18... Qd7) 18. Ne4 $19 Bb4 (18... Ba7 $19 19. Bg3 Bxh3 $1 {[%mdl 512]}) 19. Bc3 {[#]} (19. Bg3 $17 {only move.}) 19... Bxc3 $2 (19... Rxc3 $1 $19 {[%mdl 512]} 20. Nxc3 Bxh3 $1 {[%mdl 512]}) 20. Nc5 $15 Qd6 21. Nxd3 Bxa1 ({Avoid the trap} 21... Qxd3 $2 22. Re3 $18 (22. Rxe6 Nf4 $15)) 22. Qxa1 Bxh3 23. Re3 Bg4 24. Ng5 Bf5 25. Ne5 h6 26. Ngf3 Nf4 27. Qd4 Bb1 (27... g5 $17 28. g4 Qxd4 29. Nxd4 Bb1) 28. Qb2 (28. Qa7 $1 $11 {remains equal.}) 28... Bh7 $17 29. c5 Qd1+ ({Much weaker is} 29... Qxc5 $6 30. Nd7 $14) 30. Re1 Qd5 31. Qd4 Qxd4 32. Nxd4 Rd8 33. Ndf3 Rd5 34. b4 Bf5 35. Kh2 {[#]} a5 $1 {[%mdl 512]} 36. Kg3 (36. bxa5 $15 Rxc5 37. Nd4) 36... g5 37. a3 {[#]} (37. bxa5 $17 Nh5+ 38. Kh2) 37... Kg7 ({Black should try} 37... axb4 $1 $19 38. axb4 Kg7) 38. Nc4 {[#]} axb4 $1 39. axb4 (39. Ne3 $17 {was the only defense.}) 39... Kf6 40. Nfe5 $2 (40. Re8 $17 Be6 41. Ne3) 40... Rd4 {Played: Nf4-d3} 0-1